[Event "AUS-ch"]
[Site "Perth"]
[Date "1978.01.04"]
[Round "8"]
[White "Woodhams, Michael"]
[Black "Fardell, Dan"]
[Result "0-1"]
[WhiteElo "2240"]
[BlackElo "2020"]
[PlyCount "52"]
[EventDate "1977.12.??"]
[SourceDate "2001.09.18"]

1. d4 e6 2. c4 d5 3. Nc3 c5 4. cxd5 cxd4 5. Qxd4 Nc6 6. Qd1 exd5 7. Qxd5 Bd7 8.
e3 Nf6 9. Qd1 Bc5 10. Nf3 Qe7 11. Be2 g5 12. O-O O-O-O 13. Nd4 Qe5 14. Ncb5 a6
15. Nxc6 Bxc6 16. Nd4 Bxd4 17. exd4 Rxd4 18. Qc2 Kb8 19. Rd1 Ng4 20. g3 Rhd8
21. Rxd4 Rxd4 22. f3 Re4 23. Bd1 Qd4+ 24. Kg2 Re1 25. Kh3 Nf2+ 26. Kg2 Nxd1 0-1

[Event "AUS-ch"]
[Site "Perth"]
[Date "1978.01.05"]
[Round "9"]
[White "Barber, Haydn J"]
[Black "Hamilton, Douglas Gibson"]
[Result "0-1"]
[WhiteElo "2065"]
[BlackElo "2105"]
[PlyCount "80"]
[EventDate "1977.12.??"]
[SourceDate "2001.09.18"]

1. e4 d6 2. d4 Nf6 3. Nc3 g6 4. Bg5 Bg7 5. f4 O-O 6. e5 Ng4 7. Bc4 Ne3 8. Qe2
Nxc4 9. Qxc4 dxe5 10. dxe5 Be6 11. Qe2 Nc6 12. Nf3 Nd4 13. Nxd4 Qxd4 14. Rd1
Qb4 15. Qb5 Qxb5 16. Nxb5 Bg4 17. Bxe7 Rfe8 18. Nxc7 Bxd1 19. Kxd1 Rxe7 20.
Nxa8 Kf8 21. Re1 Rd7+ 22. Kc1 Ke7 23. Re4 Kd8 24. Rc4 b5 25. Rc6 Rb7 26. c4
bxc4 27. Rxc4 Rb8 28. Rd4+ Ke7 29. Rc4 Rxa8 30. Rc7+ Ke6 31. Kc2 h5 32. g3 Bf8
33. h3 Be7 34. g4 hxg4 35. hxg4 Bd8 36. Rc4 Kd5 37. Kd3 Bb6 38. b4 Rh8 39. Rc1
Rh3+ 40. Ke2 Re3+ 0-1

[Event "AUS-ch"]
[Site "Perth"]
[Date "1978.01.05"]
[Round "9"]
[White "Fardell, Dan"]
[Black "Jamieson, Robert Murray"]
[Result "0-1"]
[WhiteElo "2020"]
[BlackElo "2325"]
[PlyCount "96"]
[EventDate "1977.12.??"]
[SourceDate "2001.09.18"]

1. e4 c5 2. Nf3 Nc6 3. c3 d5 4. exd5 Qxd5 5. d4 e6 6. Be2 cxd4 7. cxd4 Nf6 8.
O-O Be7 9. Nc3 Qd6 10. Bg5 O-O 11. Bh4 a6 12. Bg3 Qd8 13. a3 b5 14. b4 Bb7 15.
Bd3 Rc8 16. Rc1 Qb6 17. Qd2 Rfd8 18. Rfd1 g6 19. Ne2 a5 20. Rc5 axb4 21. axb4
Na7 22. Ne5 Nd7 23. Qh6 Bf8 24. Qh4 Bg7 25. Nxf7 Kxf7 26. Qxh7 Nf8 27. Bxg6+
Nxg6 28. Rg5 Be4 29. Be5 Rg8 30. Nf4 Nxe5 31. Qxe4 Rc4 32. Rxg7+ Rxg7 33. Qxe5
Qc6 34. d5 exd5 35. Qf5+ Kg8 36. Nxd5 Rd4 37. Qf3 Rxd1+ 38. Qxd1 Nc8 39. g3 Ne7
40. Nf4 Qc4 41. Qd2 Nf5 42. h4 Qd4 43. Qxd4 Nxd4 44. Kg2 Rd7 45. g4 Nc2 46. h5
Nxb4 47. h6 Nd5 48. Nh5 b4 0-1

[Event "AUS-ch"]
[Site "Perth"]
[Date "1978.01.05"]
[Round "9"]
[White "Fuller, Maxwell L"]
[Black "Shaw, Terrey Ian"]
[Result "1/2-1/2"]
[WhiteElo "2325"]
[BlackElo "2235"]
[PlyCount "57"]
[EventDate "1977.12.??"]
[SourceDate "2001.09.18"]

1. Nf3 d5 2. b3 Nf6 3. Bb2 c6 4. e3 Bg4 5. Be2 Nbd7 6. Ne5 Bxe2 7. Qxe2 Nxe5 8.
Bxe5 Nd7 9. Bb2 e5 10. c4 dxc4 11. bxc4 Qb6 12. d3 Bb4+ 13. Nc3 O-O 14. O-O
Bxc3 15. Bxc3 Rfe8 16. Rab1 Qc7 17. d4 exd4 18. Bxd4 Nf8 19. Qb2 Ne6 20. Qxb7
Qxb7 21. Rxb7 Nxd4 22. exd4 Rad8 23. Rc7 Rxd4 24. Rxc6 g6 25. g3 Re2 26. Ra6
Rxc4 27. Rxa7 Rcc2 28. a4 Ra2 29. a5 1/2-1/2

[Event "AUS-ch"]
[Site "Perth"]
[Date "1978.01.05"]
[Round "9"]
[White "Hjorth, Gregory"]
[Black "Musa, Larry"]
[Result "1-0"]
[WhiteElo "1880"]
[BlackElo "1930"]
[PlyCount "43"]
[EventDate "1977.12.??"]
[SourceDate "2001.09.18"]

1. e4 c5 2. d4 cxd4 3. c3 Nf6 4. e5 Nd5 5. Bc4 Qc7 6. Qe2 Nb6 7. Bb3 Nc6 8. Nf3
d3 9. Qe4 Na5 10. Qxd3 Nxb3 11. axb3 e6 12. Na3 a6 13. Be3 Be7 14. O-O Nd5 15.
Nb5 Qb8 16. Nd6+ Bxd6 17. exd6 Nxe3 18. fxe3 f6 19. Rad1 b6 20. Ng5 fxg5 21.
Qc2 Kd8 22. Qxh7 1-0

[Event "AUS-ch"]
[Site "Perth"]
[Date "1978.01.05"]
[Round "9"]
[White "Jordan, William"]
[Black "Rogers, Ian"]
[Result "0-1"]
[WhiteElo "2070"]
[BlackElo "2180"]
[PlyCount "56"]
[EventDate "1977.12.??"]
[SourceDate "2001.09.18"]

1. Nf3 c5 2. e4 Nc6 3. Bb5 Nf6 4. e5 Nd5 5. O-O g6 6. d4 cxd4 7. Nxd4 Bg7 8. f4
Qb6 9. Bxc6 dxc6 10. Kh1 h5 11. c4 Bg4 12. Nf3 Ne3 13. Bxe3 Qxe3 14. Qd2 Qxd2
15. Nbxd2 Bh6 16. g3 O-O-O 17. Kg2 Rd3 18. Rf2 Rhd8 19. Re1 h4 20. h3 Be6 21.
b3 hxg3 22. Kxg3 g5 23. fxg5 Bxg5 24. Ne4 Be3 25. Rff1 Rg8+ 26. Kh2 Bf4+ 27.
Kh1 Bxh3 28. Rf2 Rxf3 0-1

[Event "AUS-ch"]
[Site "Perth"]
[Date "1978.01.05"]
[Round "9"]
[White "Kellner, John Vincent"]
[Black "Purdy, John Spencer"]
[Result "1/2-1/2"]
[WhiteElo "2140"]
[BlackElo "2165"]
[PlyCount "65"]
[EventDate "1977.12.??"]
[SourceDate "2001.09.18"]

1. d4 d5 2. c4 e6 3. Nc3 Nf6 4. Bg5 Be7 5. e3 h6 6. Bh4 O-O 7. Nf3 b6 8. Be2
Bb7 9. Rc1 dxc4 10. Bxc4 Nbd7 11. O-O Ne4 12. Nxe4 Bxh4 13. Nc3 Bf6 14. Qe2 c5
15. Rfd1 cxd4 16. exd4 Rc8 17. Nb5 a5 18. Nd6 Bxf3 19. Qxf3 Rc7 20. Nb5 Rc8 21.
Na7 Rc7 22. Nc6 Qc8 23. Bd3 Nc5 24. Bb5 Nd7 25. Rc3 Nb8 26. a4 Nxc6 27. Rxc6
Rxc6 28. Bxc6 Rd8 29. d5 exd5 30. Bxd5 Qc7 31. g4 Re8 32. b3 Qc3 33. Kg2
1/2-1/2

[Event "AUS-ch"]
[Site "Perth"]
[Date "1978.01.05"]
[Round "9"]
[White "Partis, Michael"]
[Black "Harrison, Kevin"]
[Result "1-0"]
[WhiteElo "2060"]
[BlackElo "2085"]
[PlyCount "67"]
[EventDate "1977.12.??"]
[SourceDate "2001.09.18"]

1. e4 c5 2. b4 cxb4 3. d4 d5 4. exd5 Qxd5 5. c4 bxc3 6. Nxc3 Qa5 7. Bd2 e6 8.
Rc1 Nc6 9. Bb5 Nf6 10. d5 a6 11. dxc6 axb5 12. Nd5 b4 13. cxb7 Bxb7 14. Nc7+
Qxc7 15. Rxc7 Bxg2 16. Qc2 Bd6 17. Rc8+ Ke7 18. Rc7+ Nd7 19. f3 Bxh1 20. Qc6
Rad8 21. Rb7 f6 22. Kf2 g5 23. Qb5 Rhe8 24. Bxb4 Bxb4 25. Qxb4+ Kf7 26. Ne2 Kg8
27. Qb1 Bxf3 28. Kxf3 Ne5+ 29. Kg2 Ng6 30. Qb2 Nh4+ 31. Kf2 Rd5 32. Nd4 Red8
33. Qc2 Nf5 34. Qc7 1-0

[Event "AUS-ch"]
[Site "Perth"]
[Date "1978.01.05"]
[Round "9"]
[White "Rubanraut, Serge"]
[Black "Prods, Arvids"]
[Result "0-1"]
[WhiteElo "2180"]
[BlackElo "2165"]
[PlyCount "68"]
[EventDate "1977.12.??"]
[SourceDate "2001.09.18"]

1. Nf3 f5 2. g3 Nf6 3. Bg2 g6 4. O-O Bg7 5. d4 O-O 6. c4 d6 7. Nc3 c6 8. d5 e5
9. dxe6 Bxe6 10. Qd3 Kh8 11. Bf4 d5 12. Ng5 Bg8 13. cxd5 Nxd5 14. Nxd5 cxd5 15.
Rfd1 Nc6 16. Nf3 Rc8 17. Qb5 Qe7 18. Rac1 Rfe8 19. Bf1 d4 20. a3 Qf7 21. b4
Rcd8 22. Ng5 Qe7 23. Bg2 h6 24. Nh3 Bb3 25. Rd3 Qxe2 26. Bc7 Ne5 27. Nf4 Qb2
28. Rdd1 Bxd1 29. Bxd8 Qxc1 30. Qxe8+ Kh7 31. Bf1 Qc6 32. Qxc6 bxc6 33. Ba6 Bc2
34. Kf1 d3 {Time} 0-1

[Event "AUS-ch"]
[Site "Perth"]
[Date "1978.01.05"]
[Round "9"]
[White "West, Guy"]
[Black "Pope, Arthur"]
[Result "1-0"]
[WhiteElo "2070"]
[BlackElo "2145"]
[PlyCount "99"]
[EventDate "1977.12.??"]
[SourceDate "2001.09.18"]

1. e4 c5 2. Nf3 d6 3. d4 cxd4 4. Qxd4 a6 5. Bg5 Nc6 6. Qd2 Nf6 7. Bd3 e6 8. O-O
Be7 9. c4 O-O 10. Nc3 b6 11. Rac1 Bb7 12. Rfd1 Ne5 13. Nxe5 dxe5 14. f3 Qc7 15.
Be3 Bc6 16. Nd5 exd5 17. cxd5 Bc5 18. Bxc5 bxc5 19. dxc6 Qxc6 20. b4 Nd7 21.
Bf1 Ra7 22. bxc5 Rc7 23. Qd6 Nxc5 24. Qxc6 Rxc6 25. Rd5 Rfc8 26. Rxe5 Kf8 27.
h4 h6 28. Kh2 f6 29. Rd5 Ke7 30. Rcd1 R8c7 31. R1d2 Nb7 32. Kg3 a5 33. Bb5 Rd6
34. Kg4 Rxd5 35. Rxd5 Nd6 36. a4 g6 37. h5 f5+ 38. exf5 Nxf5 39. Kf4 Kf6 40. g4
g5+ 41. Ke4 Re7+ {Sealed} 42. Kd3 Nh4 43. Bc6 Re5 44. Rd6+ Kg7 45. Rd7+ Kf8 46.
Be4 Rc5 47. Ra7 Ke8 48. Kd4 Rc1 49. Rxa5 Rf1 50. Ke3 1-0

[Event "AUS-ch"]
[Site "Perth"]
[Date "1978.01.05"]
[Round "9"]
[White "Wettstein, Markus"]
[Black "Johansen, Darryl K"]
[Result "1/2-1/2"]
[WhiteElo "2100"]
[BlackElo "1980"]
[PlyCount "60"]
[EventDate "1977.12.??"]
[SourceDate "2001.09.18"]

1. c4 g6 2. Nc3 Bg7 3. g3 c5 4. Bg2 Nc6 5. a3 e6 6. b4 cxb4 7. axb4 Nf6 8. b5
Ne7 9. b6 Qxb6 10. Rb1 Qd8 11. Ba3 d5 12. Qa4+ Nc6 13. Nf3 Bf8 14. cxd5 exd5
15. Bb2 Bg7 16. Ba3 Bf8 17. Bxf8 Kxf8 18. Nd4 Kg7 19. O-O Ne7 20. Qa1 Re8 21.
Rfc1 Nc6 22. Nxd5 Nxd4 23. Qxd4 Rxe2 24. Bf3 Re6 25. Qa1 Ra6 26. Qe5 Ra5 27.
Qxf6+ Qxf6 28. Nxf6 Kxf6 29. Bxb7 Bxb7 30. Rxb7 Rd5 1/2-1/2

[Event "AUS-ch"]
[Site "Perth"]
[Date "1978.01.06"]
[Round "10"]
[White "Fardell, Dan"]
[Black "Kellner, John Vincent"]
[Result "0-1"]
[WhiteElo "2020"]
[BlackElo "2140"]
[PlyCount "96"]
[EventDate "1977.12.??"]
[SourceDate "2001.09.18"]

1. e4 e6 2. d4 d5 3. Nd2 Be7 4. Bd3 b6 5. c3 c5 6. Ne2 Bb7 7. e5 Nc6 8. O-O Qc7
9. b3 h5 10. Bb2 Nh6 11. Nf4 g6 12. Rc1 Nf5 13. Bxf5 gxf5 14. c4 Bg5 15. Ne2
Nb4 16. f4 Be7 17. Ba3 Nd3 18. Rc3 dxc4 19. bxc4 Rg8 20. d5 Nb4 21. Bxb4 cxb4
22. Qa4+ Kf8 23. Rd3 exd5 24. cxd5 Qc5+ 25. Kh1 Bxd5 26. Nf3 h4 27. h3 Be4 28.
Rd2 a5 29. Ned4 Qc3 30. Rfd1 Rg6 31. e6 fxe6 32. Qd7 Qc8 33. Qb5 Qb7 34. Qe5
Kf7 35. Ng5+ Bxg5 36. fxg5 Rd8 37. Nxf5 Rxd2 38. Nd6+ Rxd6 39. Rxd6 Bxg2+ 40.
Kh2 Bh1 41. Rd2 Qc6 42. Rf2+ Ke7 43. Qh8 Bf3 44. Qh7+ Kd8 45. Qxh4 Qc7+ 46. Kg1
Qc1+ 47. Kh2 Qxg5 48. Qd4+ Ke7 0-1

[Event "AUS-ch"]
[Site "Perth"]
[Date "1978.01.06"]
[Round "10"]
[White "Fuller, Maxwell L"]
[Black "Levi, Eddy"]
[Result "1-0"]
[WhiteElo "2325"]
[BlackElo "2055"]
[PlyCount "44"]
[EventDate "1977.12.??"]
[SourceDate "2001.09.18"]

1. d4 f5 2. e4 fxe4 3. Nc3 Nf6 4. Bg5 g6 5. Bc4 Bg7 6. f3 e3 7. Qe2 c6 8. Qxe3
d5 9. Be2 c5 10. O-O-O Nc6 11. dxc5 d4 12. Qf4 Qa5 13. Nb5 Nd5 14. Qe4 Qxa2 15.
Qxd5 Qa1+ 16. Kd2 Qa5+ 17. c3 a6 18. Bc4 Rf8 19. Ra1 dxc3+ 20. Kc2 Rf5 21. Rxa5
Rxd5 22. Bxd5 Nxa5 1-0

[Event "AUS-ch"]
[Site "Perth"]
[Date "1978.01.06"]
[Round "10"]
[White "Jamieson, Robert Murray"]
[Black "Rogers, Ian"]
[Result "1-0"]
[WhiteElo "2325"]
[BlackElo "2180"]
[PlyCount "81"]
[EventDate "1977.12.??"]
[SourceDate "2001.09.18"]

1. Nf3 c5 2. e4 e6 3. d3 d5 4. Nbd2 Nc6 5. g3 Nf6 6. Bg2 Be7 7. O-O b6 8. e5
Nd7 9. Re1 Bb7 10. h4 h6 11. Nf1 Qc7 12. Qe2 O-O-O 13. c3 Ba6 14. Bd2 Kb8 15.
b3 b5 16. a3 Nb6 17. d4 c4 18. b4 g6 19. Be3 Na4 20. Rac1 Bc8 21. Qd2 Bf8 22.
N1h2 Ne7 23. Ng4 Nf5 24. Bf4 Kb7 25. Nf6 Bg7 26. Nh2 Nb6 27. Ra1 a6 28. Nhg4
Ka7 29. Bf3 h5 30. Ne3 Nxh4 31. Bd1 Nf5 32. Nxf5 exf5 33. a4 bxa4 34. Bxa4 Nxa4
35. Rxa4 Kb6 36. Ra5 Bb7 37. Qa2 Qc8 38. b5 Ka7 39. Ra1 Qe6 40. Qb2 Rb8 41. Nd7
1-0

[Event "AUS-ch"]
[Site "Perth"]
[Date "1978.01.06"]
[Round "10"]
[White "Purdy, John Spencer"]
[Black "West, Guy"]
[Result "1/2-1/2"]
[WhiteElo "2165"]
[BlackElo "2070"]
[PlyCount "80"]
[EventDate "1977.12.??"]
[SourceDate "2001.09.18"]

1. c4 Nf6 2. Nc3 e6 3. g3 d5 4. b3 d4 5. Nb5 c5 6. Bg2 e5 7. d3 Nc6 8. Nf3 a6
9. Na3 Bd6 10. Nc2 O-O 11. O-O h6 12. a3 a5 13. Rb1 Qe7 14. Nd2 Bf5 15. Ne4
Nxe4 16. dxe4 Be6 17. a4 Rab8 18. Ne1 f5 19. Rb2 f4 20. Nd3 Qg5 21. f3 b6 22.
Qe1 Qh5 23. Qf2 g5 24. g4 Qg6 25. Bh3 Kf7 26. Qg2 Ke7 27. Kf2 Kd7 28. Bd2 Be7
29. Rbb1 Kd6 30. Rh1 Rb7 31. Qf1 Bd8 32. Qc1 Rh8 33. Qg1 h5 34. Qg2 Rbh7 35.
Kg1 Ne7 36. gxh5 Rxh5 37. Bxe6 Qxe6 38. Nf2 Ng8 39. Rf1 Nf6 40. h3 R5h7 1/2-1/2

[Event "AUS-ch"]
[Site "Perth"]
[Date "1978.01.06"]
[Round "10"]
[White "Shaw, Terrey Ian"]
[Black "Hamilton, Douglas Gibson"]
[Result "1-0"]
[WhiteElo "2235"]
[BlackElo "2105"]
[PlyCount "137"]
[EventDate "1977.12.??"]
[SourceDate "2001.09.18"]

1. e4 e5 2. Nc3 Nf6 3. g3 Bc5 4. Bg2 O-O 5. Nge2 Re8 6. O-O c6 7. d4 exd4 8.
Nxd4 d6 9. h3 a5 10. b3 Bb4 11. Nde2 a4 12. bxa4 Be6 13. Rb1 Na6 14. a3 Ba5 15.
Rxb7 Nc5 16. Rb1 Bc4 17. Qd4 Bxe2 18. Nxe2 Ncxe4 19. c4 Qd7 20. Be3 Rad8 21.
Rfc1 h5 22. f3 Nc5 23. Nc3 Qf5 24. g4 Qg6 25. Bf1 hxg4 26. hxg4 Nxg4 27. fxg4
Ne4 28. Nd1 Qxg4+ 29. Bg2 c5 30. Qd3 Qg3 31. Qf1 Bd2 32. Bf2 Nxf2 33. Nxf2 Bf4
34. Qd3 Re3 35. Qd5 Re2 36. Qf3 Rxf2 37. Qxg3 Bxg3 38. Rb3 Bh4 39. Rb7 Re8 40.
Bd5 Ree2 41. Rf1 Rh2 42. Rfxf7 Kh7 43. Rxg7+ Kh6 44. Rh7+ Kg5 45. Rbg7+ Kf4 46.
Bg2 Rhxg2+ 47. Rxg2 Re1+ 48. Kh2 Bd8 49. Rg8 Ba5 50. Rf7+ Ke4 51. Re8+ Kd3 52.
Rxe1 Bxe1 53. Rf1 Ba5 54. Rc1 Kd4 55. Kg2 d5 56. cxd5 Kxd5 57. Kf3 Kd4 58. Ke2
c4 59. Rd1+ Kc5 60. Ke3 Bc7 61. Rb1 Bb6 62. Ke4 Kc6 63. Rb5 Bc5 64. Rb4 Kd6 65.
a5 Kc6 66. a6 Bb6 67. Rxc4+ Kb5 68. Kd5 Kxa6 69. Kc6 1-0

[Event "AUS-ch"]
[Site "Perth"]
[Date "1978.01.06"]
[Round "10"]
[White "Woodhams, Michael"]
[Black "Prods, Arvids"]
[Result "1-0"]
[WhiteElo "2240"]
[BlackElo "2165"]
[PlyCount "129"]
[EventDate "1977.12.??"]
[SourceDate "2001.09.18"]

1. d4 f5 2. Nf3 Nf6 3. g3 g6 4. Bg2 Bg7 5. O-O O-O 6. Nbd2 c6 7. c3 d6 8. Re1
Nh5 9. e4 f4 10. Qb3+ Kh8 11. Ng5 Qe8 12. Ne6 Bxe6 13. Qxe6 Qd7 14. Bh3 Qxe6
15. Bxe6 Na6 16. e5 dxe5 17. dxe5 Nc5 18. Bc4 fxg3 19. hxg3 Rad8 20. Ne4 Nd3
21. Bxd3 Rxd3 22. Be3 b6 23. f4 Bh6 24. Kg2 Ng7 25. a4 Ne6 26. a5 g5 27. fxg5
Bg7 28. axb6 axb6 29. Ra7 Rf5 30. Rxe7 Rxe5 31. Re8+ Nf8 32. Rxe5 Bxe5 33. Nf2
Rd5 34. Bxb6 Nd7 35. Be3 Kg8 36. Rd1 Rxd1 37. Nxd1 Kf7 38. Bf4 Bg7 39. Ne3 Ke6
40. g4 Nc5 41. Kf3 Na4 42. Nf5 Bf8 43. Bc1 Kd5 44. Ne3+ Ke5 45. Nd1 Nc5 46.
Bf4+ Kd5 47. Ne3+ Ke6 48. c4 Nd3 49. Nd1 Nxf4 50. Kxf4 Bd6+ 51. Ke4 Be7 52. Nf2
Bxg5 53. Nd3 Bf6 54. Nf4+ Kd6 55. b3 Bc3 56. Kf5 Kc5 57. Nd3+ Kd4 58. Ne5 c5
59. Nd7 Bb4 60. Ke6 Kc3 61. Kd5 Kxb3 62. Nxc5+ Kc2 63. Na6 Ba5 64. Ke4 Kb3 65.
c5 1-0

[Event "AUS-ch"]
[Site "Perth"]
[Date "1978.01.08"]
[Round "11"]
[White "Hamilton, Douglas Gibson"]
[Black "Purdy, John Spencer"]
[Result "1/2-1/2"]
[WhiteElo "2105"]
[BlackElo "2165"]
[PlyCount "119"]
[EventDate "1977.12.??"]
[SourceDate "2001.09.18"]

1. e4 e5 2. Nf3 Nc6 3. Bb5 a6 4. Ba4 Nf6 5. O-O Nxe4 6. d4 b5 7. Bb3 d5 8. dxe5
Be6 9. c3 Be7 10. Nbd2 O-O 11. Bc2 f5 12. exf6 Nxf6 13. Ng5 Bg4 14. f3 Bd7 15.
f4 Bg4 16. Ngf3 Bc5+ 17. Kh1 Qd6 18. Nb3 Bb6 19. Qd3 Rae8 20. Nbd4 Nxd4 21.
cxd4 Re4 22. Bd2 Bxf3 23. Qxf3 Bxd4 24. Bxe4 Nxe4 25. Rad1 Bxb2 26. Qb3 Ba3 27.
Bc1 Bxc1 28. Rxd5 Qa3 29. Re5+ Qxb3 30. axb3 Bxf4 31. Rxe4 Bd6 32. Ra1 a5 33.
g3 Bb4 34. Rd1 Ra8 35. Rd7 Bd6 36. Rg4 g6 37. Rh4 h5 38. Re4 a4 39. bxa4 bxa4
40. Re6 Bf8 41. Rxg6+ Kh8 42. Rd5 Kh7 43. Rgg5 Bb4 44. Rxh5+ Kg6 45. Rhg5+ Kh6
46. Rg4 c5 47. Rd6+ Kh7 48. Rd7+ Kh6 49. Rdg7 Ra6 50. Rg8 Kh7 51. R4g7+ Kh6 52.
h3 Bc3 53. Rg4 Kh7 54. R8g5 Bd4 55. Kg2 a3 56. Rh5+ Rh6 57. Rxd4 cxd4 58. Ra5
d3 59. Ra7+ Kg8 60. Rxa3 1/2-1/2

[Event "AUS-ch"]
[Site "Perth"]
[Date "1978.01.08"]
[Round "11"]
[White "Jamieson, Robert Murray"]
[Black "Woodhams, Michael"]
[Result "1-0"]
[WhiteElo "2325"]
[BlackElo "2240"]
[PlyCount "81"]
[EventDate "1977.12.??"]
[SourceDate "2001.09.18"]

1. e4 Nc6 2. Nf3 d6 3. d4 Nf6 4. Nc3 Bg4 5. Be2 e5 6. d5 Nb8 7. Be3 Be7 8. Nd2
Bxe2 9. Qxe2 c6 10. O-O O-O 11. f3 Nbd7 12. a4 cxd5 13. Nxd5 Nxd5 14. exd5 f5
15. a5 Nf6 16. c4 Qe8 17. Ra3 Bd8 18. b4 a6 19. Rd1 Qh5 20. Nb3 Ne8 21. c5 Rf6
22. Nd2 g5 23. Nc4 Bc7 24. Nb6 Rd8 25. g4 Qg6 26. c6 bxc6 27. dxc6 fxg4 28.
fxg4 Qe4 29. Qc4+ Qxc4 30. Nxc4 d5 31. Bxg5 dxc4 32. Rxd8 Bxd8 33. Bxf6 Nxf6
34. b5 axb5 35. a6 Bb6+ 36. Kf1 Nd5 37. a7 Nc7 38. a8=Q+ Nxa8 39. Rxa8+ Kf7 40.
Rb8 c3 41. Ke2 1-0

[Event "AUS-ch"]
[Site "Perth"]
[Date "1978.01.08"]
[Round "11"]
[White "Kellner, John Vincent"]
[Black "Pope, Arthur"]
[Result "1/2-1/2"]
[WhiteElo "2140"]
[BlackElo "2145"]
[PlyCount "100"]
[EventDate "1977.12.??"]
[SourceDate "2001.09.18"]

1. d4 Nf6 2. Nf3 e6 3. e3 b6 4. Bd3 Bb7 5. Nbd2 c5 6. b3 g6 7. Bb2 Bg7 8. O-O
O-O 9. Qe2 d5 10. Rad1 Qe7 11. Ne5 Ne4 12. f4 f6 13. Ng4 f5 14. Ne5 Nd7 15. g4
Nxd2 16. Rxd2 cxd4 17. exd4 Nf6 18. gxf5 exf5 19. c4 Rac8 20. cxd5 Bxd5 21. Bc4
Qd6 22. Rd3 Rfd8 23. Rfd1 Ne4 24. Rh3 Rc7 25. Qe1 Bf6 26. a4 a5 27. Rc1 Rdc8
28. Rc2 Qe6 29. Re3 Bxe5 30. fxe5 Bxc4 31. bxc4 Rxc4 32. Rxc4 Rxc4 33. Qh4 Qd5
34. Qe7 Rc6 35. Qe8+ Kg7 36. Ba3 Nc5 37. Qe7+ Kg8 38. dxc5 Qd1+ 39. Kf2 Qd2+
40. Kf3 Qd1+ 41. Kf2 Qd2+ 42. Re2 Qd4+ 43. Ke1 Qa1+ 44. Kd2 Qa2+ 45. Kd1 Qb1+
46. Bc1 Rxc5 47. Qd8+ Kg7 48. Qd2 Qb3+ 49. Ke1 Qb1 50. Kd1 Qb3+ 1/2-1/2

[Event "AUS-ch"]
[Site "Perth"]
[Date "1978.01.08"]
[Round "11"]
[White "Prods, Arvids"]
[Black "Jordan, William"]
[Result "1-0"]
[WhiteElo "2165"]
[BlackElo "2070"]
[PlyCount "75"]
[EventDate "1977.12.??"]
[SourceDate "2001.09.18"]

1. e4 c5 2. Nc3 Nc6 3. Nf3 g6 4. d4 cxd4 5. Nxd4 Bg7 6. Be3 Nf6 7. Bc4 Qa5 8.
O-O O-O 9. Bb3 d6 10. h3 Bd7 11. Re1 Rac8 12. Qe2 Qe5 13. Nxc6 bxc6 14. Bxa7 c5
15. a4 Nh5 16. a5 Nf4 17. Qf3 Ne6 18. Bc4 Nd4 19. Qd3 e6 20. Bb6 Qf4 21. Re3 f5
22. Nd1 fxe4 23. Rxe4 Qf5 24. Re1 Nxc2 25. Qxd6 Nxe1 26. Qxd7 Rce8 27. Qc6 Bd4
28. a6 Bxf2+ 29. Nxf2 Qxf2+ 30. Kh1 Nc2 31. Rf1 Qd4 32. Rxf8+ Rxf8 33. Qxe6+
Kh8 34. Bc7 Qd1+ 35. Kh2 h5 36. Be5+ Kh7 37. Qe7+ Kh6 38. Qxf8+ 1-0

[Event "AUS-ch"]
[Site "Perth"]
[Date "1978.01.08"]
[Round "11"]
[White "Rogers, Ian"]
[Black "Fuller, Maxwell L"]
[Result "0-1"]
[WhiteElo "2180"]
[BlackElo "2325"]
[PlyCount "78"]
[EventDate "1977.12.??"]
[SourceDate "2001.09.18"]

1. e4 g6 2. d4 Bg7 3. Nc3 c6 4. Bc4 b5 5. Bb3 b4 6. Qf3 e6 7. Nce2 d5 8. c3 a5
9. Ng3 a4 10. Bc2 a3 11. bxa3 bxc3 12. N1e2 Nf6 13. O-O O-O 14. e5 Nfd7 15. Qg4
c5 16. Bg5 Qc7 17. f4 cxd4 18. Nh5 gxh5 19. Bxh7+ Kxh7 20. Qxh5+ Kg8 21. Bh6
Nxe5 22. Bxg7 Kxg7 23. fxe5 Rh8 24. Qg5+ Kf8 25. Nf4 Ke8 26. Qg7 Rf8 27. h4 d3
28. h5 Ra4 29. Ng6 Qc5+ 30. Kh2 Rg4 31. Rab1 Nd7 32. Rb4 d4 33. Kh3 fxg6 34.
Rc4 Qxc4 35. Rxf8+ Nxf8 36. Kxg4 d2 37. hxg6 d1=Q+ 38. Kg5 Qd2+ 39. Kf6 Qf4#
0-1

[Event "AUS-ch"]
[Site "Perth"]
[Date "1978.01.08"]
[Round "11"]
[White "West, Guy"]
[Black "Shaw, Terrey Ian"]
[Result "1/2-1/2"]
[WhiteElo "2070"]
[BlackElo "2235"]
[PlyCount "57"]
[EventDate "1977.12.??"]
[SourceDate "2001.09.18"]

1. e4 e5 2. Nf3 Nc6 3. Bb5 a6 4. Ba4 Nf6 5. O-O Be7 6. Bxc6 dxc6 7. d3 Nd7 8.
Nbd2 O-O 9. Nc4 f6 10. Nh4 Nc5 11. Kh1 Re8 12. Qh5 Ne6 13. Bd2 Nf4 14. Qf3 Bd6
15. Rad1 c5 16. Nf5 Bxf5 17. exf5 b5 18. Ne3 Qe7 19. h4 e4 20. dxe4 Qxe4 21.
Qxe4 Rxe4 22. g3 Nh5 23. Kg2 g6 24. Kf3 Rae8 25. Rfe1 Kf7 26. fxg6+ hxg6 27.
Nd5 f5 28. Rxe4 Rxe4 29. Bg5 1/2-1/2

[Event "AUS-ch"]
[Site "Perth"]
[Date "1978.01.09"]
[Round "12"]
[White "Barber, Haydn J"]
[Black "Jamieson, Robert Murray"]
[Result "1/2-1/2"]
[WhiteElo "2065"]
[BlackElo "2325"]
[PlyCount "74"]
[EventDate "1977.12.??"]
[SourceDate "2001.09.18"]

1. e4 c5 2. Nf3 Nc6 3. Bb5 Nf6 4. e5 Nd5 5. Nc3 Nc7 6. Bxc6 dxc6 7. d3 g6 8.
Ne4 b6 9. Bg5 Bg7 10. Nd6+ Kf8 11. Nxc8 Rxc8 12. Qd2 h6 13. Bh4 Ne6 14. Bg3 h5
15. h4 Bh6 16. Qe2 Kg7 17. O-O Qd5 18. a4 Rcd8 19. Rfe1 Rhe8 20. Rad1 Kh7 21.
Qe4 Rc8 22. b3 Red8 23. Bh2 Rd7 24. Qe2 Rb7 25. Qe4 Rd8 26. Kf1 a6 27. Ra1 Kg7
28. Bg3 Ra7 29. Bh2 Raa8 30. Bg3 b5 31. Bh2 Kg8 32. Bg3 Qd7 33. Bh2 Qb7 34. Bg3
Qc8 35. Kg1 Qd7 36. Kf1 Qd5 37. Bh2 Kf8 1/2-1/2

[Event "AUS-ch"]
[Site "Perth"]
[Date "1978.01.09"]
[Round "12"]
[White "Pope, Arthur"]
[Black "Hamilton, Douglas Gibson"]
[Result "1-0"]
[WhiteElo "2145"]
[BlackElo "2105"]
[PlyCount "79"]
[EventDate "1977.12.??"]
[SourceDate "2001.09.18"]

1. e4 e5 2. Nf3 Nc6 3. d4 exd4 4. c3 dxc3 5. Bc4 d6 6. Nxc3 Be6 7. Bxe6 fxe6 8.
Qb3 Qd7 9. Qxb7 Rb8 10. Qa6 Be7 11. O-O Nf6 12. Rd1 O-O 13. Qe2 Nh5 14. g3 Qe8
15. Be3 Qg6 16. Kh1 Rb4 17. Nd4 Nxd4 18. Rxd4 Rxd4 19. Bxd4 c5 20. Be3 Bf6 21.
Bd2 Bd4 22. Rf1 Nf6 23. f3 Nd7 24. Nb5 d5 25. exd5 e5 26. Nxd4 cxd4 27. Kg2 Qc2
28. Rf2 Qxb2 29. Qe4 Qb7 30. f4 Nf6 31. Qxe5 Nxd5 32. Kg1 Qb1+ 33. Rf1 Qxa2 34.
Qxd4 Rc8 35. Ra1 Qb3 36. Rxa7 Qd1+ 37. Kg2 Qe2+ 38. Kh3 Qh5+ 39. Kg2 Re8 40.
Qxg7# 1-0

[Event "AUS-ch"]
[Site "Perth"]
[Date "1978.01.09"]
[Round "12"]
[White "Purdy, John Spencer"]
[Black "Partis, Michael"]
[Result "1-0"]
[WhiteElo "2165"]
[BlackElo "2060"]
[PlyCount "105"]
[EventDate "1977.12.??"]
[SourceDate "2001.09.18"]

1. c4 e6 2. g3 f5 3. Bg2 Nf6 4. e3 c6 5. Ne2 d5 6. b3 Be7 7. Bb2 O-O 8. O-O Bd7
9. Nbc3 Be8 10. d3 Qd7 11. Rc1 Na6 12. cxd5 exd5 13. a3 Nc7 14. b4 Bf7 15. Nd4
Bg6 16. Bh3 Ng4 17. Na4 h5 18. Nc5 Bxc5 19. Rxc5 Ne6 20. Nxe6 Qxe6 21. Bg2 b6
22. Rc1 Rac8 23. Qb3 Bf7 24. Bd4 h4 25. h3 Nf6 26. Qb2 Nh5 27. gxh4 f4 28. Kh2
Bg6 29. Bf3 fxe3 30. Bg4 Bf5 31. Bxh5 Bxh3 32. Bxe3 Bxf1 33. Rxf1 Qd6+ 34. Kg2
c5 35. bxc5 bxc5 36. Qe2 d4 37. Bc1 c4 38. Qg4 cxd3 39. Bg6 Rc6 40. Bxd3 Rfc8
41. Bf4 Qd5+ 42. Kh2 Re8 43. Rg1 Re7 44. Rb1 Rf6 45. Rb5 Qc6 46. Rb4 Re1 47.
Bc4+ Kh7 48. Qh5+ Rh6 49. Bd3+ Re4 50. Bxh6 g6 51. Bxe4 Qxe4 52. Qg5 Qc6 53.
Qf4 1-0

[Event "AUS-ch"]
[Site "Perth"]
[Date "1978.01.09"]
[Round "12"]
[White "Rogers, Ian"]
[Black "Ballantyne, William"]
[Result "1-0"]
[WhiteElo "2180"]
[BlackElo "2050"]
[PlyCount "75"]
[EventDate "1977.12.??"]
[SourceDate "2001.09.18"]

1. d4 d6 2. c4 Nd7 3. e4 e5 4. Nf3 c6 5. Nc3 Ngf6 6. Be2 Be7 7. O-O Qc7 8. b3
Nf8 9. Bb2 Ng6 10. Rc1 O-O 11. b4 Bg4 12. h3 Bxf3 13. Bxf3 Rad8 14. d5 c5 15.
bxc5 dxc5 16. g3 Ne8 17. Bg2 a6 18. Qd3 Bd6 19. Rb1 Rb8 20. Bc1 Nf6 21. Bd2 b6
22. Qe2 Rfe8 23. Rb2 Qd8 24. a4 Bc7 25. f4 exf4 26. gxf4 Nxe4 27. Bxe4 f5 28.
d6 Bxd6 29. Bd5+ Kh8 30. Qh5 Qf6 31. Nd1 Qd4+ 32. Kh1 Bxf4 33. Bc3 Qd3 34. Rg1
Be5 35. Rd2 Nf4 36. Qf7 Qxh3+ 37. Rh2 Qd3 38. Qxg7+ 1-0